000 00416cam a22001217a 4500
008 180718b1967 xxu||||| |||| 00| 0 eng d
082 _aT000x56 K458
100 _aKermani, Taghi T.
245 _aEconomic development in action: theories, problems and procedures as applied in the Middle East
_cby Taghi T. Kermani
260 _aCleveland
_bWorld
_c1967
300 _a236p.
650 _aEconomic Development - Asia, West
999 _c369028
_d369028